000 00721nam a22002057a 4500
999 _c350
_d350
003 AR-CdUCM
008 190223b ||||| |||| 00| 0 spa d
040 _aMUNICIPALIDAD PROVINCIAL DEL CUSCO
_cBIBLIOTECA MUNICIPAL DEL CUSCO
082 _a278.3 /
_bSA18
100 _aSalvador A. Isidro
_91426
245 _aEl misionero del remo /
260 _aLima :
_bImprenta editorial "San Antonio",
_c1972.
300 _a219 páginas ;
_bIlustraciones.
_c18 cm.
505 _aPalacios de Benaver -- Monasterio de Benedictinas -- Hogar, campo, Dios -- Bautismo y párroco -- Estudios ...
650 _aDios.
_91427
650 _aReligión.
_91195
650 _aIglesia.
_91428
942 _2ddc
_cLIBROS
945 _amvr
_d2019-02-23